LEADER 03950nam 2200385 450 001 9910510499403321 005 20230822175131.0 024 7 $a10.1145/1460764 035 $a(CKB)5280000000243635 035 $a(NjHacI)995280000000243635 035 $a(EXLCZ)995280000000243635 100 $a20230822d1961 uy 0 101 0 $aeng 135 $aur||||||||||| 181 $ctxt$2rdacontent 182 $cc$2rdamedia 183 $acr$2rdacarrier 200 10$aAFIPS '61 (Eastern) $eProceedings of the December 12-14, 1961, eastern joint computer conference: computers - key to total systems control /$fWillis H. Ware 210 1$aNew York :$cAssociation for Computing Machinery,$d1961. 215 $a1 online resource (396 pages) 311 $a1-4503-7873-0 330 $aOn behalf of the Board of Governors of the American Federation of Information Processing Societies, it is my pleasure to welcome you to this conference, the first to be sponsored by the Federation rather than the National Joint Computer Committee. In May of this year, the AFIPS was created by the American Institute of Electrical Engineers, the Association for Computing Machinery, and the Institute of Radio Engineers, to be the unified national voice for the information processing and computer profession in the United States. Since then, there has been an orderly transfer of business from the NJCC to the AFIPS. As a society of societies, the AFIPS differs from the NJCC in that it can accept into membership other professional societies which are interested in information processing, and it is expected that it will grow significantly. As stated in our constitution, the goals of AFIPS "shall be the advancement and diffusion of knowledge of the information processing sciencesa?€¦for literary and scientific purposesa?€¦To this end, it is part of the purposes of the Federationa?€¦to serve the public by making available to journals, newspapers, and other channels of public information reliable communications as to information processing and its progress; to cooperate with local, national, and international organizations or agencies on matters pertaining to information processing; to serve as representative of the United States of America in international organizations with like interests; to promote unity and effectiveness of effort among all those who are devoting themselves to information processing by research, by application of its principles, by teaching or by study; and to foster the relations of the sciences of information processing to other sciences and to the arts and industries." Some of these items we are well started on---others we will inaugurate soon. We represent the United States to the International Federation of Information Processing Societies and contribute financially to IFIPS in behalf of this country. We have assumed sponsorship and financial responsibility of the Joint Computer Conferences. We have accepted applications for membership from other societies. We have made our existence known to other professional societies. We a re an active and growing organization acting to promote the interchange of information among information processing specialists through sponsorship of greater cooperative efforts between their professional societies. The American Federation of Information Processing Societies promises to be an instrument of tremendous utility to American technology in the exciting and dynamic years ahead. 517 $aProceedings of the December 12-14, 1961, eastern joint computer conference 606 $aComputer science$vCongresses 606 $aElectronic data processing$vCongresses 615 0$aComputer science 615 0$aElectronic data processing 676 $a004 700 $aWare$b Willis H.$01236036 801 0$bNjHacI 801 1$bNjHacl 906 $aBOOK 912 $a9910510499403321 996 $aAFIPS '61 (Eastern)$93431634 997 $aUNINA LEADER 05453nam 22007935 450 001 9910739434803321 005 20200919001004.0 010 $a1-4614-6708-X 024 7 $a10.1007/978-1-4614-6708-3 035 $a(CKB)3390000000037142 035 $a(EBL)1205345 035 $a(OCoLC)834500440 035 $a(SSID)ssj0000878388 035 $a(PQKBManifestationID)11435953 035 $a(PQKBTitleCode)TC0000878388 035 $a(PQKBWorkID)10814453 035 $a(PQKB)10973550 035 $a(DE-He213)978-1-4614-6708-3 035 $a(MiAaPQ)EBC1205345 035 $a(PPN)169136558 035 $a(EXLCZ)993390000000037142 100 $a20130321d2013 u| 0 101 0 $aeng 135 $aur|n|---||||| 181 $ctxt 182 $cc 183 $acr 200 10$aAdaptive Decision Making and Intellectual Styles /$fby Francesco Sofo, Cinzia Colapinto, Michelle Sofo, Salvatore Ammirato 205 $a1st ed. 2013. 210 1$aNew York, NY :$cSpringer New York :$cImprint: Springer,$d2013. 215 $a1 online resource (114 p.) 225 1 $aSpringerBriefs in Psychology,$x2192-8363 ;$v13 300 $aDescription based upon print version of record. 311 $a1-4614-6707-1 320 $aIncludes bibliographical references. 327 $a""1.7.2 Compulsory Schooling: Exceptional Students (Gifted, Talented, and Special)""""1.7.3 Higher Education""; ""1.7.4 Decision Making in Vocational Education""; ""1.7.5 Health and Medical Education""; ""1.7.6 Decision Making and Learning in the Workplace""; ""1.8 Summary""; ""References""; ""2 Critical Thinking and Intellectual Style""; ""2.1 Review of the Decision-Making Literature""; ""2.1.1 Types of Decisions""; ""2.1.2 Factors Influencing Our Decision-Making Processes""; ""2.1.3 Fairness and Learning""; ""2.1.4 Context and Individual Capacity"" 327 $a""2.1.5 Emotion, Time Pressures, and Complex Situations""""2.1.6 Self-Reflection and Unconscious Processing""; ""2.1.7 Experience""; ""2.2 The Role of Critical Thinking""; ""2.2.1 Definition""; ""2.2.2 The Role of Critical Thinking in Effective Decision Making""; ""2.3 Overview of Intellectual Styles""; ""2.3.1 Definition""; ""2.3.2 Theories of Intellectual Style""; ""2.3.3 Theory of Mental Self-Government""; ""2.3.4 Theory of Reality Construction""; ""2.3.5 LinearNonlinear Thinking""; ""2.3.6 Empirical Inventories and Questionnaires""; ""2.3.7 LinearNonlinear Thinking Style Profile"" 327 $a""2.3.8 Thinking Style Inventory""""2.3.9 Other Available Instruments""; ""2.3.10 Factors Impacting Upon, or Emerging from, Intellectual Style""; ""2.3.11 Similarities Despite Individual Difference""; ""2.3.12 Context""; ""2.3.13 Emotions and Emotional Competence""; ""2.3.14 Freedom""; ""2.3.15 Culture""; ""2.4 Synthesis of the Three Constructs""; ""2.5 Conclusion""; ""References""; ""3 Analytical Exploration of Intellectual Style and Critical Thinking""; ""3.1 Introduction""; ""3.2 Intellectual Styles and the Theory of Reality Construction"" 327 $a""3.3 Thinking Styles Profiles in the Web 2.0 Age"" 330 $aThis exciting publication provides the reader with a theoretical and practical approach to adaptive decision making, based on an appreciation of cognitive styles, in a cross-cultural context. The aim of this Brief is to describe the role of thinking-through different options as part of the decision-making process. Since cognitive style influences decision behavior, the book will first examine thinking styles, which involve both cognitive and emotive elements, as habits or preferences that shape and empower one?s cognition and emotion.The information contained in this Brief will be a useful resource to both researchers studying decision making as well as to instructors in the higher education sector and to human resource development practitioners, especially those working in international, multi-cultural companies. 410 0$aSpringerBriefs in Psychology,$x2192-8363 ;$v13 606 $aPersonality 606 $aSocial psychology 606 $aPsychology, Industrial 606 $aOperations research 606 $aDecision making 606 $aPersonality and Social Psychology$3https://scigraph.springernature.com/ontologies/product-market-codes/Y20050 606 $aIndustrial and Organizational Psychology$3https://scigraph.springernature.com/ontologies/product-market-codes/Y20030 606 $aOperations Research/Decision Theory$3https://scigraph.springernature.com/ontologies/product-market-codes/521000 615 0$aPersonality. 615 0$aSocial psychology. 615 0$aPsychology, Industrial. 615 0$aOperations research. 615 0$aDecision making. 615 14$aPersonality and Social Psychology. 615 24$aIndustrial and Organizational Psychology. 615 24$aOperations Research/Decision Theory. 676 $a153.8/3 700 $aSofo$b Francesco$4aut$4http://id.loc.gov/vocabulary/relators/aut$01423947 702 $aColapinto$b Cinzia$4aut$4http://id.loc.gov/vocabulary/relators/aut 702 $aSofo$b Michelle$4aut$4http://id.loc.gov/vocabulary/relators/aut 702 $aAmmirato$b Salvatore$4aut$4http://id.loc.gov/vocabulary/relators/aut 801 0$bMiAaPQ 801 1$bMiAaPQ 801 2$bMiAaPQ 906 $aBOOK 912 $a9910739434803321 996 $aAdaptive Decision Making and Intellectual Styles$93552662 997 $aUNINA